| 000 | 00000nam##2200000za#4500 |
| 001 | 9.581456 |
| 003 | CaOODSP |
| 005 | 20221123120548 |
| 007 | cr ||||||||||| |
| 008 | 150406|2014||||xxc|||||o f|0| 0 eng|d |
| 040 | |aCaOODSP|beng |
| 043 | |an-cn--- |
| 086 | 1 |aYM32-2/2011-78-1E-PDF |
| 245 | 00|aGovernment of Canada responsibilities for domestic and international human rights / |h[electronic resource]|c[by] Julian Walker. |
| 260 | |aOttawa - Ontario : |bLibrary of Parliament. |c15 September 2011, revised 1 December 2014. |
| 300 | |a20p. |
| 490 | 1 |aBackground paper|v2011-78-E |
| 590 | |a15-06|b2015-02-06 |
| 690 | 07|aHuman rights|2gcpds |
| 710 | 1 |aCanada. |bParliamentary Information and Research Service. |
| 720 | 1 |aWalker, Julian |
| 775 | 08|tResponsabilités du gouvernement du Canada en matière de droits de la personne au pays et sur la scène internationale / |w(CaOODSP)9.608277 |
| 830 | #0|aBackground paper ;|v2011-78-E|w(CaOODSP)9.504772 |
| 856 | 40|ahttp://publications.gc.ca|qPDF|s391 KB|uhttps://publications.gc.ca/collections/collection_2015/bdp-lop/bp/2011-78-1-eng.pdf|y2011-78-E |